| 000 | 00762nam a2200241 4500 | ||
|---|---|---|---|
| 001 | 53843 | ||
| 003 | BD-RjUL | ||
| 005 | 20211209080029.0 | ||
| 008 | 161027s2003 nyu||||| |||| 00| 0 eng d | ||
| 020 | _a9781566706186 | ||
| 035 | _a(BD-RjUL)53965 | ||
| 040 |
_aBD-RjUL _bENG _cBD-RjUL _dBD-RjUL |
||
| 041 | _aENG | ||
| 082 |
_223 _a615.900154 _bMAT 2003 |
||
| 100 |
_aManahan, Stanley E _9160826 |
||
| 245 |
_aToxicological chemistry and biochemistry/ _cStanley E Manahan. |
||
| 250 | _a3rd ed. | ||
| 260 |
_aBoca Raton, Fla. : _bLewis Pub., _c ©2003. |
||
| 300 |
_a[22], 425p. : _billustrations ; _c 26 cm. |
||
| 500 | _aIncludes index | ||
| 650 |
_2Toxicological chemistry. _aEnvironmental chemistry. _xBiochemical toxicology. _9160827 |
||
| 942 |
_2ddc _cBK |
||
| 999 |
_c53843 _d53843 |
||